| 000 | 00985nam a22002897a 4500 | ||
|---|---|---|---|
| 001 | 5191 | ||
| 003 | FISKH | ||
| 005 | 20250422162423.0 | ||
| 008 | 241118b cb ||||| |||| 00| 0 eng d | ||
| 020 | _a9780516466934 | ||
| 040 |
_aFISKH _beng _cFISKH _dFISKH |
||
| 050 | _aE221.S74 | ||
| 082 | _a973.313 | ||
| 100 | _aStein, R. Conrad | ||
| 245 |
_aThe Declaration of Independence / _cby R. Conrad Stein |
||
| 260 |
_aChicago : _bChilidrens Press ; _c1995 . |
||
| 300 |
_a30 pages : _billustrations ; _c25 cm . |
||
| 490 | _aCornerstones of Freedom | ||
| 505 | _aZ | ||
| 520 | _aDiscusses the people responsible for the Declaration of Independence and what went into the writing of the document. | ||
| 521 | 8 |
_a920
_bLexile |
|
| 521 | 8 |
_aZ
_bRaz-Plus |
|
| 650 |
_aUnited States. Declaration of Independence _vJuvenile Literature |
||
| 650 |
_aUnited States - Politic and government-1775-1783 _vJuvenile Literature |
||
| 942 |
_2ddc _cBK _n0 |
||
| 999 |
_c5191 _d5191 |
||